60 món ăn được nhiều người ưa thích : Nghêu - sò - lươn - mực
Nội dung sách giới thiệu cách thức chế biến các món ăn như: Nghêu, sò, lươn, mực.
Đã lưu trong:
| 主要作者: | |
|---|---|
| 格式: | 圖書 |
| 語言: | Undetermined |
| 出版: |
Hà Nội
Phụ Nữ
2007
|
| 主題: | |
| 標簽: |
添加標簽
沒有標簽, 成為第一個標記此記錄!
|
| Thư viện lưu trữ: | Trung tâm Học liệu Trường Đại học Cần Thơ |
|---|
| LEADER | 00712nam a2200217Ia 4500 | ||
|---|---|---|---|
| 001 | CTU_128584 | ||
| 008 | 210402s9999 xx 000 0 und d | ||
| 020 | |c 27000 | ||
| 082 | |a 641.5 | ||
| 082 | |b Qu609 | ||
| 100 | |a Quỳnh Chi | ||
| 245 | 0 | |a 60 món ăn được nhiều người ưa thích : | |
| 245 | 0 | |b Nghêu - sò - lươn - mực | |
| 245 | 0 | |c Quỳnh Chi | |
| 260 | |a Hà Nội | ||
| 260 | |b Phụ Nữ | ||
| 260 | |c 2007 | ||
| 520 | |a Nội dung sách giới thiệu cách thức chế biến các món ăn như: Nghêu, sò, lươn, mực. | ||
| 650 | |a Cookery | ||
| 904 | |i Hiếu | ||
| 980 | |a Trung tâm Học liệu Trường Đại học Cần Thơ | ||